000 00579nam a2200217 i 4500
001 3228598
005 20180215050931.0
008 800424s1980 nyua b 001 0 eng
010 _a 79066276
020 _a0442248660
040 _aDLC
_cDLC
_dDLC
041 _aeng
080 _a658.15 TAY
082 0 0 _a658.15 TAY
100 1 _a54
101 _aMEN
245 1 0 _aManagerial and engineering economy :
_cGeorge A. Taylor.
504 _aBibliography: p. 482-485.
906 _a7
_bcbc
_corignew
_d2
_eopcn
_f19
_gy-gencatlg
942 _2ddc
_cBK
999 _c42634
_d42634